| 000 | 01401nam0a22003011 4500 | ||
|---|---|---|---|
| 001 | rc\566715 | ||
| 005 | 20260407143011.0 | ||
| 010 |
_a5-02-024378-7 _9600 |
||
| 035 | _a(NLR Aleph) 005801366 | ||
| 090 |
_a5300238 _c5300238 |
||
| 100 | _a20030616d1988 |||y0rusy50 ca | ||
| 101 | 0 | _arus | |
| 102 | _aRU | ||
| 105 | _aa ||||||||| | ||
| 200 | 1 |
_aНаучно-технический прогресс на горнорудных предприятиях Заполярья _f[Мельников Н.Н., Усачев П.А., Чаплыгин Н.Н. и др.] _gОтв. ред. Г.И. Горбунов _gАН СССР, Кол. фил. им. С.М. Кирова, Горн. ин-т |
|
| 210 |
_aЛ. _cНаука. Ленингр. отд-ние _d1988 |
||
| 215 |
_a237, [2] с., [1] л. ил. _cил. _d22 |
||
| 300 | _aАвт. указаны в огл. | ||
| 320 | _aБиблиогр. в конце разделов | ||
| 701 | 1 |
_7ca _8rus _aМельников _bН. Н. _cд-р техн. наук, горное дело _f1938-2018 _gНиколай Николаевич _9116288 _3RU\NLR\AUTH\776334 |
|
| 702 | 1 |
_aГорбунов _bГ.И. _gГригорий Иванович _4340 |
|
| 712 | 0 | 2 |
_aГорный институт _cАпатиты _9526521 _3RU\NLR\AUTH\8810014301 |
| 801 | 0 |
_aRU _bNLR _gpsbo |
|
| 801 | 1 |
_aRU _bELAR _2rusmarc |
|
| 852 |
_aNLR _j88-5/3060 |
||
| 942 | _cBOOK | ||
| 980 | _aNB | ||